[Event "5.liga SE-SI 2019/2020"]
[Site "?"]
[Date "2020.02.15"]
[Round "7.3"]
[White "Svrcek, Daniel"]
[Black "Drabek, Martin"]
[Result "1/2-1/2"]
[WhiteElo "1523"]
[BlackElo "1437"]
[PlyCount "188"]
[EventDate "2019.10.19"]
[WhiteTeam "Å achovÃ½ klub HolÃ­Ä� C"]
[BlackTeam "Å K Skalica D"]

1. e4 e6 2. d4 d5 3. exd5 exd5 4. Bd3 Nf6 5. Nf3 Be7 6. O-O Bg4 7. Re1 O-O 8.
Bf4 Nbd7 9. Nbd2 c6 10. c3 Re8 11. Qc2 h6 12. h3 Bxf3 13. Nxf3 Rc8 14. c4 Bb4
15. Rxe8+ Qxe8 16. c5 Ba5 17. Qa4 Qd8 18. Bf5 a6 19. Bxd7 Nxd7 20. b4 Bc7 21.
Bxc7 Qxc7 22. Re1 Kf8 23. Qc2 Nf6 24. Qf5 Re8 25. Ne5 Qc8 26. Qxc8 Rxc8 27. f3
Ra8 28. Re3 Rd8 29. Rb3 Nd7 30. Nd3 Re8 31. Kf2 f6 32. a4 Kf7 33. b5 axb5 34.
axb5 Ra8 35. bxc6 bxc6 36. Rb7 Ke8 37. Nb4 Rb8 38. Rxb8+ Nxb8 39. Ke3 g5 40. h4
Kf7 41. f4 gxh4 42. f5 h5 43. Nd3 Kg7 44. Ne1 Kh6 45. Kf4 Na6 46. Nf3 Nb4 47.
Nxh4 Nc2 48. Nf3 h4 49. g4 h3 50. Kg3 h2 51. Kxh2 Ne3 52. Kg3 Nc2 53. Kf2 Kg7
54. Ke2 Kf7 55. Kd2 Na3 56. Kd3 Nb5 57. Nd2 Kg7 58. Nf3 Kf7 59. Nh4 Nc7 60. Nf3
Nb5 61. Kc2 Na3+ 62. Kc3 Nc4 63. Nd2 Ne3 64. Nb3 Nxg4 65. Na5 Ne3 66. Nxc6 Nxf5
67. Kd3 Ke6 68. Nb4 Ne7 69. Nc2 Nc6 70. Ke3 Kf5 71. Kf3 Kg5 72. Ke3 Kg4 73. Ne1
Kf5 74. Nd3 Ke6 75. Nf4+ Kd7 76. Nxd5 Ke6 77. Nb6 Nb4 78. Ke4 f5+ 79. Kf4 Nd3+
80. Ke3 Nb4 81. Kf3 Nc2 82. d5+ Ke5 83. c6 Nd4+ 84. Ke3 Nb5 85. Kf3 Nd4+ 86.
Kf2 Nb5 87. Ke3 Kd6 88. Kf4 Kc7 89. Kxf5 Kxb6 90. Ke6 Kc7 91. Ke7 Nd6 92. Ke6
Nb5 93. Ke7 Nd6 94. Kf6 Ne4+ 1/2-1/2

[Event "5.liga SE-SI 2019/2020"]
[Site "?"]
[Date "2020.02.15"]
[Round "7.3"]
[White "Tutkova, Ludmila"]
[Black "Sefcik, Oliver"]
[Result "1-0"]
[WhiteElo "1241"]
[BlackElo "1190"]
[PlyCount "139"]
[EventDate "2019.10.19"]
[WhiteTeam "Å K Skalica D"]
[BlackTeam "Å achovÃ½ klub HolÃ­Ä� C"]

1. e4 e6 2. d4 d5 3. e5 c5 4. Nf3 cxd4 5. Nxd4 g6 6. Nd2 Bg7 7. N2f3 Bd7 8. Bd3
Nc6 9. Bf4 Nge7 10. O-O Nxd4 11. Nxd4 Nc6 12. Nxc6 Bxc6 13. Re1 O-O 14. c4 Rc8
15. Rc1 Qe7 16. a3 Rfd8 17. cxd5 Rxd5 18. Qb3 Rcd8 19. Be4 Rb5 20. Qa4 Bxe5 21.
Bxc6 Bxf4 22. Bxb5 Bxc1 23. Rxc1 a6 24. Be2 Rd2 25. Bf3 Rxb2 26. Rc8+ Kg7 27.
Qd4+ Qf6 28. Qxf6+ Kxf6 29. h3 Ra2 30. Bxb7 Rxa3 31. Ra8 a5 32. Bc6 h5 33. h4
Kg7 34. Ra7 Ra1+ 35. Kh2 Ra2 36. Kg3 Ra3+ 37. f3 Kf6 38. Be8 Rc3 39. Rxa5 Rc7
40. Ba4 Rb7 41. Bc6 Rc7 42. Be4 Rd7 43. Kh3 Rd4 44. Ra7 Rc4 45. Bd3 Rd4 46. Bb5
Rd8 47. g4 Rd1 48. Be8 hxg4+ 49. Kxg4 Rg1+ 50. Kh3 Rh1+ 51. Kg2 Rxh4 52. Rxf7+
Ke5 53. Rg7 Rf4 54. Rxg6 Rd4 55. Bf7 Rd6 56. Kg3 Kf5 57. Kf2 Rd2+ 58. Ke3 Rd6
59. f4 Rb6 60. Rg5+ Kf6 61. Bg8 Rb3+ 62. Kf2 Rb2+ 63. Kf3 Rb3+ 64. Kg4 Rb4 65.
Re5 Rb6 66. Rh5 Kg6 67. Bxe6 Rxe6 68. f5+ Kf7 69. fxe6+ Kxe6 70. Kf4 1-0

[Event "5.liga SE-SI 2019/2020"]
[Site "?"]
[Date "2020.02.15"]
[Round "7.3"]
[White "Matula, Tomas"]
[Black "Tutka, Stepan"]
[Result "0-1"]
[WhiteElo "1000"]
[BlackElo "1081"]
[PlyCount "104"]
[EventDate "2019.10.19"]
[WhiteTeam "Å achovÃ½ klub HolÃ­Ä� C"]
[BlackTeam "Å K Skalica D"]

1. d4 d5 2. c4 Nc6 3. Nc3 e5 4. cxd5 Nxd4 5. e3 Nf5 6. Nf3 Bd6 7. e4 Nfe7 8.
Bc4 Nf6 9. Bg5 Ng6 10. Bb5+ Bd7 11. Qa4 a6 12. Bxf6 gxf6 13. Bxd7+ Qxd7 14.
Qxd7+ Kxd7 15. O-O Rhg8 16. g3 h5 17. Rfc1 Rg7 18. Kf1 Rh8 19. Ke2 h4 20. a3
hxg3 21. hxg3 Ne7 22. b4 f5 23. Rcb1 fxe4 24. Nh4 b5 25. Ke3 f5 26. a4 Rb8 27.
Ng2 c5 28. axb5 Rxb5 29. Nxb5 axb5 30. Ra5 Nxd5+ 31. Ke2 Nc3+ 32. Ke1 Nxb1 33.
Ra7+ Bc7 34. bxc5 Rg6 35. Rb7 Na3 36. Nh4 Rc6 37. Ra7 Nc2+ 38. Kd2 Rxc5 39.
Nxf5 b4 40. Rb7 Ke6 41. Ng7+ Kd5 42. g4 Bd8 43. Rb8 Bg5+ 44. Ke2 Nd4+ 45. Kd1
b3 46. Rd8+ Bxd8 47. Ne6 Kxe6 48. f4 exf4 49. g5 Bxg5 50. Ke1 Rc2 51. Kf1 b2
52. Ke1 b1=R# 0-1

[Event "5.liga SE-SI 2019/2020"]
[Site "?"]
[Date "2020.02.15"]
[Round "7.3"]
[White "Barcak, Vladimir"]
[Black "Gaza, Erik"]
[Result "0-1"]
[WhiteElo "1000"]
[BlackElo "1000"]
[PlyCount "48"]
[EventDate "2019.10.19"]
[WhiteTeam "Å K Skalica D"]
[BlackTeam "Å achovÃ½ klub HolÃ­Ä� C"]

1. e4 e5 2. Nf3 Nc6 3. Nc3 Bc5 4. Bc4 Nge7 5. O-O O-O 6. d3 h6 7. Nd5 d6 8. c3
Bg4 9. b4 Bxf3 10. Qxf3 Bb6 11. b5 Na5 12. Nxb6 axb6 13. Qh3 Nxc4 14. dxc4 c6
15. Rd1 d5 16. exd5 cxd5 17. cxd5 Qd6 18. c4 Rfc8 19. Ba3 Rxa3 20. c5 Qxc5 21.
Rac1 Qxc1 22. g3 Qxd1+ 23. Kg2 Rc1 24. Qh4 Qf1# 0-1

[Event "5.liga SE-SI 2019/2020"]
[Site "?"]
[Date "2020.02.15"]
[Round "7.4"]
[White "Klimes, Karel"]
[Black "Valent, Tomas"]
[Result "1-0"]
[WhiteElo "1681"]
[BlackElo "1373"]
[PlyCount "73"]
[EventDate "2019.10.19"]
[WhiteTeam "Å K Å tefanov B"]
[BlackTeam "CVÄŒ Senica C"]

1. e4 e5 2. Nf3 Nc6 3. Bc4 Bc5 4. c3 Nf6 5. d3 O-O 6. O-O d6 7. Bg5 Be6 8. Nbd2
h6 9. Bh4 Qe7 10. a4 a5 11. Bb3 Rfd8 12. Nc4 Bg4 13. Ne3 Be6 14. Nd5 Bxd5 15.
Bxd5 Rd7 16. Qb3 Nd8 17. Rad1 c6 18. Bc4 Ne6 19. d4 exd4 20. cxd4 Bb4 21. e5
dxe5 22. dxe5 Nc5 23. Qc2 g5 24. exf6 Qxf6 25. Bg3 Re7 26. Rd6 Ne6 27. Be5 Qxe5
28. Nxe5 Bxd6 29. Ng4 Nd4 30. Nxh6+ Kh8 31. Qd3 Bc5 32. Nxf7+ Kg7 33. Nxg5 Rh8
34. Qg3 b5 35. axb5 cxb5 36. Ne6+ Kf6 37. Qg5+ 1-0

[Event "5.liga SE-SI 2019/2020"]
[Site "?"]
[Date "2020.02.15"]
[Round "7.4"]
[White "Kaufman, Robert"]
[Black "Rehak, Miroslav"]
[Result "1-0"]
[WhiteElo "1408"]
[BlackElo "1426"]
[PlyCount "61"]
[EventDate "2019.10.19"]
[WhiteTeam "CVÄŒ Senica C"]
[BlackTeam "Å K Å tefanov B"]

1. e4 d6 2. Nf3 c6 3. Nc3 Bg4 4. d4 Nd7 5. h3 Bh5 6. Bc4 e5 7. g4 Bg6 8. h4 h5
9. g5 a5 10. d5 Nc5 11. dxc6 bxc6 12. Nd2 Ne7 13. f3 Qb6 14. Nb3 a4 15. Nxc5
Qxc5 16. Qe2 d5 17. exd5 cxd5 18. Bb5+ Nc6 19. Qxe5+ Be7 20. Nxd5 Rd8 21. Bxc6+
Kf8 22. Qxe7+ Qxe7+ 23. Nxe7 Kxe7 24. Bxa4 Rd4 25. Bb3 Rhd8 26. Be3 R4d7 27.
Bc5+ Ke8 28. O-O Ra8 29. Rfe1+ Kd8 30. Rad1 Ra5 31. Bb6+ 1-0

[Event "5.liga SE-SI 2019/2020"]
[Site "?"]
[Date "2020.02.15"]
[Round "7.4"]
[White "Novomeska, Karin"]
[Black "Babic, Patrik"]
[Result "0-1"]
[WhiteElo "1361"]
[BlackElo "1000"]
[PlyCount "112"]
[EventDate "2019.10.19"]
[WhiteTeam "Å K Å tefanov B"]
[BlackTeam "CVÄŒ Senica C"]

1. d4 Nf6 2. c4 e6 3. Nc3 d5 4. Bg5 Be7 5. e3 O-O 6. Nf3 c5 7. cxd5 exd5 8.
dxc5 Be6 9. Qd4 Nc6 10. Qd2 Bxc5 11. Be2 Qe7 12. O-O Rfd8 13. Qc2 d4 14. exd4
Nxd4 15. Nxd4 Bxd4 16. Rfe1 Bxf2+ 17. Kxf2 Qc5+ 18. Be3 Qb4 19. h3 Rac8 20.
Rad1 Qh4+ 21. Kg1 Bxh3 22. gxh3 Qg3+ 23. Kf1 Qxe3 24. Bg4 Qf4+ 25. Qf2 Qc4+ 26.
Be2 Qc6 27. Qf3 Qb6 28. b3 Qa5 29. Rxd8+ Rxd8 30. Rd1 Re8 31. Bb5 Rd8 32. Rxd8+
Qxd8 33. Qd3 Qc8 34. Nd5 Nxd5 35. Qxd5 Qxh3+ 36. Ke1 Qe6+ 37. Qxe6 fxe6 38. Ke2
Kf7 39. a4 Kf6 40. a5 b6 41. axb6 axb6 42. Bd3 h6 43. b4 Ke5 44. Ke3 Kd5 45.
Be2 g5 46. Kf3 e5 47. Kg4 Ke4 48. Kh5 Kf4 49. Kxh6 g4 50. Kh5 g3 51. Bf1 Kf3
52. Kh4 e4 53. Bh3 g2 54. Bxg2+ Kxg2 55. Kg4 e3 56. Kf4 e2 0-1

[Event "5.liga SE-SI 2019/2020"]
[Site "?"]
[Date "2020.02.15"]
[Round "7.4"]
[White "Kaufmanova, Karin"]
[Black "Tomasovic, Pavol"]
[Result "1-0"]
[WhiteElo "1126"]
[BlackElo "1244"]
[PlyCount "51"]
[EventDate "2019.10.19"]
[WhiteTeam "CVÄŒ Senica C"]
[BlackTeam "Å K Å tefanov B"]

1. e4 e6 2. d4 d5 3. e5 Nc6 4. Nf3 Bd7 5. Nc3 Bb4 6. Bd3 Nh6 7. Bd2 O-O 8. Qe2
Nf5 9. O-O-O Ncxd4 10. Nxd4 Nxd4 11. Bxh7+ Kxh7 12. Qd3+ Kg8 13. Qxd4 c5 14.
Qg4 f5 15. Qg3 Qe7 16. h4 d4 17. Bg5 Qf7 18. h5 dxc3 19. Bf6 cxb2+ 20. Kxb2 Be8
21. Qg5 Kh8 22. Be7 Rg8 23. h6 Qg6 24. hxg7+ Kxg7 25. Qf4 Qf7 26. Qh6# 1-0

[Event "5.liga SE-SI 2019/2020"]
[Site "?"]
[Date "2020.02.15"]
[Round "7.4"]
[White "Klimesova, Gabriela"]
[Black "Kaufman, Roman"]
[Result "0-1"]
[WhiteElo "1328"]
[BlackElo "1000"]
[PlyCount "50"]
[EventDate "2019.10.19"]
[WhiteTeam "Å K Å tefanov B"]
[BlackTeam "CVÄŒ Senica C"]

1. e4 e5 2. Nf3 Nc6 3. Bc4 Bc5 4. d3 d6 5. Be3 Bg4 6. Nc3 Bxe3 7. fxe3 Nge7 8.
d4 O-O 9. O-O Ng6 10. dxe5 Ngxe5 11. Qd5 Nxf3+ 12. gxf3 Be6 13. Qd3 Bh3 14. Rf2
Ne5 15. Qe2 Re8 16. f4 Bg4 17. Qf1 Nxc4 18. Qxc4 Qd7 19. f5 Re5 20. Rg2 Bf3 21.
Rg3 d5 22. Nxd5 Kh8 23. Rxf3 Rae8 24. Rd1 Rxe4 25. Nxc7 Qxd1+ 0-1

[Event "5.liga SE-SI 2019/2020"]
[Site "?"]
[Date "2020.02.29"]
[Round "8.1"]
[White "Nemeckay, Rastislav"]
[Black "Otepka, Vladimir"]
[Result "1/2-1/2"]
[WhiteElo "1931"]
[BlackElo "1741"]
[PlyCount "116"]
[EventDate "2019.10.19"]
[WhiteTeam "Interchess ZÅ  BorskÃ½ MikulÃ¡Å¡"]
[BlackTeam "Å O Spartak Myjava B"]

1. e4 c5 2. Nf3 Nc6 3. Bb5 a6 4. Bxc6 bxc6 5. b3 d5 6. Qe2 Bg4 7. O-O e6 8. Bb2
Nf6 9. d3 Be7 10. Nbd2 O-O 11. Rfe1 Re8 12. Nf1 Nd7 13. Ng3 Qc7 14. h3 Bxf3 15.
Qxf3 Ne5 16. Bxe5 Qxe5 17. exd5 Qxd5 18. Ne4 f5 19. Nd2 Bf6 20. Rad1 Bc3 21.
Re2 Qxf3 22. Nxf3 e5 23. Nd2 Rad8 24. f3 Kf7 25. g4 g6 26. gxf5 gxf5 27. Kh2
Kf6 28. Nc4 Rg8 29. Rg1 Rg6 30. Nb6 Ba5 31. Nc4 Bc3 32. Reg2 Rdg8 33. a4 Rxg2+
34. Rxg2 Rxg2+ 35. Kxg2 Ke6 36. Kf2 h5 37. Ke2 Kf6 38. Ne3 Kg5 39. Ng2 h4 40.
Kd1 Bb4 41. Ke2 Bc3 42. Ke3 Bb4 43. Kf2 Bc3 44. Kf1 Bd4 45. Ke2 Bc3 46. Kd1 Bb4
47. Kc1 Bc3 48. Kb1 a5 49. Ka2 Bd4 50. Kb1 Bc3 51. Kc1 Kh5 52. Kd1 Kg5 53. Ke2
Bb4 54. Ke3 Bc3 55. Kf2 Bd4+ 56. Kf1 Bc3 57. Ke2 Bb4 58. Kd1 Bc3 1/2-1/2

[Event "5.liga SE-SI 2019/2020"]
[Site "?"]
[Date "2020.02.29"]
[Round "8.1"]
[White "Knapek, Adrian"]
[Black "Visvader, Kristof"]
[Result "0-1"]
[WhiteElo "1388"]
[BlackElo "1393"]
[PlyCount "64"]
[EventDate "2019.10.19"]
[WhiteTeam "Å O Spartak Myjava B"]
[BlackTeam "Interchess ZÅ  BorskÃ½ MikulÃ¡Å¡"]

1. e4 e6 2. Nf3 d5 3. exd5 exd5 4. d4 Nf6 5. Be2 Bd6 6. Bg5 Nc6 7. Nc3 Be6 8.
Nb5 a6 9. Nxd6+ Qxd6 10. c3 O-O-O 11. b4 Na7 12. Ne5 Nc6 13. f4 Rde8 14. O-O
Ne4 15. f5 Nxc3 16. Qc2 Nxe2+ 17. Qxe2 Nxd4 18. Qd3 Qxe5 19. fxe6 Nxe6 20. Be3
Nd8 21. Bf4 Qe4 22. Qc3 Ne6 23. Be3 d4 24. Qc4 Qxe3+ 25. Kh1 Qc3 26. Qd5 Qc6
27. Qf5 Qb5 28. Qg4 Qg5 29. Qe4 d3 30. Qf5 Qg6 31. Qxd3 Nf4 32. Qc2 Re2 0-1

[Event "5.liga SE-SI 2019/2020"]
[Site "?"]
[Date "2020.02.29"]
[Round "8.1"]
[White "Nemeckay, Dominik"]
[Black "Stachovic, Jozef"]
[Result "0-1"]
[WhiteElo "1453"]
[BlackElo "1599"]
[PlyCount "52"]
[EventDate "2019.10.19"]
[WhiteTeam "Interchess ZÅ  BorskÃ½ MikulÃ¡Å¡"]
[BlackTeam "Å O Spartak Myjava B"]

1. e4 e5 2. Nf3 Nc6 3. Bc4 h6 4. c3 Nf6 5. d3 Be7 6. Be3 O-O 7. Nbd2 d5 8. Bb5
Bd6 9. Qc1 Ng4 10. exd5 Ne7 11. Bc4 Kh7 12. Bb3 f5 13. h3 Nf6 14. Nc4 f4 15.
Bd2 Bf5 16. Ncxe5 Nexd5 17. Bxd5 Nxd5 18. d4 Be4 19. Qd1 c5 20. Qe2 Nf6 21.
Bxf4 cxd4 22. cxd4 Bb4+ 23. Bd2 Bxf3 24. Qxf3 Bxd2+ 25. Kxd2 Qxd4+ 26. Nd3 Ne4+
0-1

[Event "5.liga SE-SI 2019/2020"]
[Site "?"]
[Date "2020.02.29"]
[Round "8.1"]
[White "Belak, Michal"]
[Black "Visvader, Rudolf"]
[Result "1-0"]
[WhiteElo "1260"]
[BlackElo "1289"]
[PlyCount "97"]
[EventDate "2019.10.19"]
[WhiteTeam "Å O Spartak Myjava B"]
[BlackTeam "Interchess ZÅ  BorskÃ½ MikulÃ¡Å¡"]

1. e4 e6 2. Bc4 b6 3. Nf3 Ba6 4. Bxa6 Nxa6 5. Qe2 Nb4 6. Na3 a6 7. O-O d5 8. e5
c5 9. c3 Nc6 10. Nc2 Qd7 11. d4 f6 12. c4 dxc4 13. Qxc4 b5 14. Qc3 b4 15. Qc4
Na5 16. Qe2 Qb5 17. Qe4 Qc6 18. Qe3 Ne7 19. dxc5 Nd5 20. Qe2 Bxc5 21. Ncd4 Qd7
22. exf6 O-O 23. fxg7 Rfe8 24. Be3 e5 25. Nc2 Nf4 26. Bxf4 exf4 27. Qd1 Qf5 28.
Qd2 Nc4 29. Qc1 Re2 30. Ncd4 Bxd4 31. Nxd4 Qd3 32. Nxe2 Qxe2 33. Qxf4 Re8 34.
Rac1 Nd2 35. Rfd1 Ne4 36. Rd7 Nf6 37. Rdd1 Nh5 38. Qxb4 Nxg7 39. Re1 Qh5 40.
Rxe8+ Nxe8 41. Qc4+ Kh8 42. Qxa6 Qe5 43. Qa3 Nd6 44. Qc3 Qxc3 45. Rxc3 Kg7 46.
g3 h5 47. a4 Ne4 48. Re3 Nc5 49. a5 1-0

[Event "5.liga SE-SI 2019/2020"]
[Site "?"]
[Date "2020.02.29"]
[Round "8.1"]
[White "Zverka, Peter Samuel"]
[Black "Galik, Marcel"]
[Result "1-0"]
[WhiteElo "1439"]
[BlackElo "1000"]
[PlyCount "87"]
[EventDate "2019.10.19"]
[WhiteTeam "Interchess ZÅ  BorskÃ½ MikulÃ¡Å¡"]
[BlackTeam "Å O Spartak Myjava B"]

1. e4 c5 2. Nf3 Nc6 3. d4 e6 4. Nc3 cxd4 5. Nxd4 Nf6 6. Be3 Bb4 7. Qd3 d5 8.
exd5 Nxd5 9. Nxc6 bxc6 10. Bd2 Qa5 11. Nxd5 Bxd2+ 12. Qxd2 Qxd2+ 13. Kxd2 cxd5
14. Ke3 O-O 15. c4 dxc4 16. Bxc4 Bb7 17. f3 Rfd8 18. Rhd1 Kf8 19. Rxd8+ Rxd8
20. Bb5 f5 21. Rc1 Rc8 22. Rxc8+ Bxc8 23. Kd4 Ke7 24. Kc5 e5 25. Bd3 Bd7 26. a3
h5 27. Kd5 Kf6 28. Kd6 Be6 29. b4 Bb3 30. Kc6 Ke6 31. Kb7 Bd5+ 32. Kxa7 e4 33.
fxe4 fxe4 34. Be2 g6 35. b5 e3 36. b6 Bxg2 37. b7 Bxb7 38. Kxb7 Kd5 39. a4 Kd4
40. a5 Kc3 41. a6 Kd2 42. Bb5 e2 43. Bxe2 Kxe2 44. a7 1-0

[Event "5.liga SE-SI 2019/2020"]
[Site "?"]
[Date "2020.02.29"]
[Round "8.2"]
[White "Kanka, Tomas"]
[Black "Svrcek, Daniel"]
[Result "1/2-1/2"]
[WhiteElo "1762"]
[BlackElo "1523"]
[PlyCount "78"]
[EventDate "2019.10.19"]
[WhiteTeam "JabuÄ�a Petrova Ves - Gbely E"]
[BlackTeam "Å achovÃ½ klub HolÃ­Ä� C"]

1. e4 e6 2. c4 d5 3. cxd5 exd5 4. exd5 Nf6 5. Bb5+ Bd7 6. Bc4 b5 7. Bb3 Bg4 8.
f3 Bf5 9. d4 Bb4+ 10. Bd2 Bxd2+ 11. Qxd2 O-O 12. Ne2 Nxd5 13. O-O c6 14. Nbc3
Nxc3 15. bxc3 Qb6 16. Ng3 Bg6 17. h4 h6 18. Qf4 c5 19. Rac1 c4 20. Bc2 Nd7 21.
h5 Bxc2 22. Rxc2 Qf6 23. Qg4 Rad8 24. Re1 Qg5 25. Qxg5 hxg5 26. Nf5 a6 27. g4
Rfe8 28. Ne7+ Kf8 29. Rce2 Nf6 30. Re5 Rd7 31. Nc6 Rxe5 32. Rxe5 Nd5 33. Nb8
Rd6 34. Nxa6 Nxc3 35. Nc7 f6 36. Nxb5 Nxb5 37. Rxb5 Rxd4 38. Rc5 Rd1+ 39. Kf2
Rd2+ 1/2-1/2

[Event "5.liga SE-SI 2019/2020"]
[Site "?"]
[Date "2020.02.29"]
[Round "8.2"]
[White "Cambal, Peter"]
[Black "Kastler, Peter"]
[Result "0-1"]
[WhiteElo "1409"]
[BlackElo "1684"]
[PlyCount "92"]
[EventDate "2019.10.19"]
[WhiteTeam "Å achovÃ½ klub HolÃ­Ä� C"]
[BlackTeam "JabuÄ�a Petrova Ves - Gbely E"]

1. Nf3 d5 2. c4 c6 3. b3 Nf6 4. Bb2 Qb6 5. e3 Bg4 6. Be2 Bxf3 7. Bxf3 dxc4 8.
O-O cxb3 9. Qxb3 Qxb3 10. axb3 Nbd7 11. d4 e6 12. Nd2 Be7 13. Rac1 O-O 14. Be2
Rfc8 15. f4 c5 16. Bd3 Rc7 17. e4 Rac8 18. e5 Nd5 19. Rf3 cxd4 20. Rxc7 Rxc7
21. g4 g6 22. Ne4 Nc5 23. Nxc5 Bxc5 24. f5 Nb4 25. Bc4 d3+ 26. Kg2 gxf5 27.
gxf5 d2 28. Rf1 Nd5 29. Bxd5 exd5 30. Rd1 Bb4 31. Kf3 Rc2 32. Bd4 Rc1 33. Ke2
a5 34. Be3 Rxd1 35. Kxd1 b5 36. Bxd2 Bxd2 37. Kxd2 a4 38. bxa4 bxa4 39. Kc2 d4
40. e6 fxe6 41. fxe6 a3 42. Kd3 a2 43. Ke4 a1=Q 44. Kd5 d3 45. e7 Kf7 46. Kd6
Ke8 0-1

[Event "5.liga SE-SI 2019/2020"]
[Site "?"]
[Date "2020.02.29"]
[Round "8.2"]
[White "Mraz, Jan"]
[Black "Datko, Jan"]
[Result "1-0"]
[WhiteElo "1636"]
[BlackElo "1276"]
[PlyCount "84"]
[EventDate "2019.10.19"]
[WhiteTeam "JabuÄ�a Petrova Ves - Gbely E"]
[BlackTeam "Å achovÃ½ klub HolÃ­Ä� C"]

1. c4 e5 2. Nc3 Nf6 3. g3 d5 4. d3 d4 5. Nb5 a6 6. Na3 Bxa3 7. Qa4+ Nc6 8. Qxa3
Qe7 9. Qxe7+ Nxe7 10. Bg2 Rb8 11. Nf3 h6 12. Nxe5 b5 13. b3 Bb7 14. Nf3 Nf5 15.
O-O O-O 16. Bf4 Rbc8 17. Bh3 Bxf3 18. exf3 g6 19. Bxf5 gxf5 20. Bxh6 Rfe8 21.
Rfe1 Nh5 22. g4 Kh7 23. Bd2 Ng7 24. Rxe8 Rxe8 25. Re1 Rxe1+ 26. Bxe1 Kg6 27.
cxb5 axb5 28. a4 Ne6 29. a5 Nc5 30. b4 Na6 31. Bd2 c5 32. bxc5 Nxc5 33. Bb4 Na6
34. Ba3 b4 35. Bb2 b3 36. Bxd4 f4 37. h4 f6 38. Kf1 f5 39. g5 Nc5 40. Ke2 Na6
41. Kd2 Nc7 42. Bb2 Nb5 1-0

[Event "5.liga SE-SI 2019/2020"]
[Site "?"]
[Date "2020.02.29"]
[Round "8.2"]
[White "Sefcik, Oliver"]
[Black "Papanek, Lubomir"]
[Result "0-1"]
[WhiteElo "1190"]
[BlackElo "1566"]
[PlyCount "120"]
[EventDate "2019.10.19"]
[WhiteTeam "Å achovÃ½ klub HolÃ­Ä� C"]
[BlackTeam "JabuÄ�a Petrova Ves - Gbely E"]

1. e4 c5 2. Nc3 Nc6 3. f4 d6 4. Bb5 a6 5. Bxc6+ bxc6 6. Nf3 Bg4 7. O-O e5 8.
fxe5 dxe5 9. h3 Bxf3 10. Qxf3 f6 11. d3 Rb8 12. b3 Qd4+ 13. Be3 Qxc3 14. Qf5
Ne7 15. Qf2 Ng6 16. Qf5 Ne7 17. Qf2 Qa5 18. Bxc5 Ng6 19. Ba7 Rb7 20. Be3 Bd6
21. Qf5 Qd8 22. Qe6+ Re7 23. Qc4 Qc8 24. Rf2 Qb7 25. a4 Nf8 26. Rb1 Ne6 27. g4
O-O 28. Rbf1 Kh8 29. h4 Qc8 30. Qc3 c5 31. Qd2 Ref7 32. h5 Nf4 33. Bxf4 exf4
34. Qe2 Be5 35. Kg2 h6 36. Kh3 Kg8 37. Qd1 Qc7 38. Rf3 Rd8 39. Qe2 Qb6 40. Qf2
Bd4 41. Qe2 Be3 42. Qd1 Qb4 43. Qe1 Qxe1 44. Rxe1 Rfd7 45. Rff1 Kf7 46. Rh1 Ke6
47. Rhf1 Ke5 48. Re2 Rb7 49. Rfe1 Rb4 50. Kg2 Rg8 51. Kf3 g6 52. Rg2 gxh5 53.
gxh5 Rbb8 54. Ree2 Rg5 55. Rxg5+ fxg5 56. Kg4 Rf8 57. Kf3 Kd4 58. Rg2 Kc3 59.
a5 Bd2 60. Rg1 Kxc2 0-1

[Event "5.liga SE-SI 2019/2020"]
[Site "?"]
[Date "2020.02.29"]
[Round "8.2"]
[White "Ralbovsky, Milan"]
[Black "Gaza, Erik"]
[Result "1-0"]
[WhiteElo "1276"]
[BlackElo "1000"]
[PlyCount "69"]
[EventDate "2019.10.19"]
[WhiteTeam "JabuÄ�a Petrova Ves - Gbely E"]
[BlackTeam "Å achovÃ½ klub HolÃ­Ä� C"]

1. e4 e5 2. Qh5 Nc6 3. Bb5 Nge7 4. Nf3 g6 5. Qh4 d6 6. O-O a6 7. Bxc6+ Nxc6 8.
Qxd8+ Nxd8 9. Nc3 Be6 10. d3 Nc6 11. a3 O-O-O 12. Bg5 Rd7 13. Bf6 Rg8 14. Ng5
h6 15. Nxe6 fxe6 16. Rae1 g5 17. Re3 Rf7 18. Bxe5 dxe5 19. Ne2 Nd4 20. c3 Nxe2+
21. Rxe2 a5 22. Re3 Bc5 23. Rh3 Rgf8 24. Rxh6 Rxf2 25. Rxf2 Rxf2 26. d4 exd4
27. Rxe6 dxc3 28. bxc3 Ra2+ 29. Kf1 Bxa3 30. Re5 Bd6 31. Rxg5 Bxh2 32. e5 a4
33. e6 Bd6 34. Rg8+ Bf8 35. Rxf8# 1-0

[Event "5.liga SE-SI 2019/2020"]
[Site "?"]
[Date "2020.02.29"]
[Round "8.3"]
[White "Rehak, Miroslav"]
[Black "Harasta, Marian"]
[Result "1-0"]
[WhiteElo "1426"]
[BlackElo "1649"]
[PlyCount "77"]
[EventDate "2019.10.19"]
[WhiteTeam "Å K Å tefanov B"]
[BlackTeam "Å K Skalica D"]

1. e4 c5 2. Nf3 Nc6 3. d4 cxd4 4. Nxd4 e5 5. Nxc6 bxc6 6. Be2 Nf6 7. Bg5 Bc5 8.
Bxf6 Qxf6 9. O-O Rb8 10. b3 O-O 11. c3 Re8 12. Qc2 d6 13. Nd2 Qg6 14. Rfe1 Bh3
15. g3 f5 16. Bf3 f4 17. b4 Bb6 18. Nc4 Bc7 19. Qe2 fxg3 20. fxg3 Rf8 21. Kh1
Rf6 22. Bg2 Bg4 23. Qe3 Bb6 24. Nxb6 axb6 25. a4 Qf7 26. Rf1 c5 27. a5 cxb4 28.
cxb4 bxa5 29. bxa5 Ra8 30. Rxf6 Qxf6 31. a6 Qe7 32. a7 Qb7 33. Bf1 Bf5 34. Bc4+
Kh8 35. Bd5 Qb2 36. Qg1 Bg4 37. Rf1 Qe2 38. Qf2 Qxf2 39. Rxf2 1-0

[Event "5.liga SE-SI 2019/2020"]
[Site "?"]
[Date "2020.02.29"]
[Round "8.3"]
[White "Drabek, Martin"]
[Black "Novomeska, Karin"]
[Result "1/2-1/2"]
[WhiteElo "1437"]
[BlackElo "1361"]
[PlyCount "130"]
[EventDate "2019.10.19"]
[WhiteTeam "Å K Skalica D"]
[BlackTeam "Å K Å tefanov B"]

1. d4 d5 2. c3 e6 3. Bf4 c5 4. Nf3 Nc6 5. Nbd2 Qb6 6. Qb3 Qxb3 7. axb3 Nf6 8.
e3 a6 9. Bb5 Bd7 10. Bxc6 Bxc6 11. Bg5 Nd7 12. O-O Bd6 13. c4 O-O 14. Rfc1 Rac8
15. Bh4 Rfe8 16. Bg3 Be7 17. Ne5 Nxe5 18. Bxe5 f6 19. Bg3 Red8 20. dxc5 Bxc5
21. Rd1 Bb4 22. Nf3 dxc4 23. bxc4 Rxd1+ 24. Rxd1 Ba4 25. Rc1 b5 26. Nd4 e5 27.
b3 exd4 28. bxa4 dxe3 29. axb5 e2 30. f3 Re8 31. bxa6 e1=Q+ 32. Bxe1 Bxe1 33.
Rb1 Bc3 34. a7 Bd4+ 35. Kf1 Bxa7 36. Rb7 Bd4 37. Rd7 Be5 38. g3 Rc8 39. f4 Bxf4
40. gxf4 Rxc4 41. Rd8+ Kf7 42. Rd7+ Kg6 43. f5+ Kh6 44. Rd5 Rf4+ 45. Kg2 Kg5
46. Kg3 Rxf5 47. h4+ Kg6 48. Rd7 h5 49. Rc7 Re5 50. Kf4 Rf5+ 51. Kg3 Rd5 52.
Rb7 Rd3+ 53. Kg2 Rd4 54. Kg3 Rg4+ 55. Kh3 Kh6 56. Rb6 Rf4 57. Kg3 Rg4+ 58. Kh3
Kg6 59. Rc6 Re4 60. Rc7 Re6 61. Kg3 Re4 62. Rd7 Rg4+ 63. Kh3 Kh6 64. Rd6 Kg6
65. Rc6 Re4 1/2-1/2

[Event "5.liga SE-SI 2019/2020"]
[Site "?"]
[Date "2020.02.29"]
[Round "8.3"]
[White "Tomasovic, Pavol"]
[Black "Londinova, Jasmina Marie"]
[Result "0-1"]
[WhiteElo "1244"]
[BlackElo "1155"]
[PlyCount "89"]
[EventDate "2019.10.19"]
[WhiteTeam "Å K Å tefanov B"]
[BlackTeam "Å K Skalica D"]

1. e4 e5 2. Nf3 Nc6 3. Bb5 d6 4. O-O Bd7 5. c3 a6 6. Ba4 Nf6 7. d4 exd4 8. cxd4
d5 9. exd5 Nxd5 10. Re1+ Be7 11. Bg5 O-O 12. Bxe7 Ncxe7 13. Bxd7 Qxd7 14. Nc3
Rfe8 15. Ne5 Nxc3 16. bxc3 Qd6 17. Qb3 Qd5 18. Qxd5 Nxd5 19. c4 Nb6 20. c5 Na4
21. Re3 Rad8 22. Nf3 Rxe3 23. fxe3 f6 24. Rb1 b6 25. cxb6 Nxb6 26. Rc1 Rd7 27.
Kf2 Kf7 28. e4 Re7 29. e5 fxe5 30. Nxe5+ Kf6 31. Rc6+ Kf5 32. Kf3 Kg5 33. g3 g6
34. h4+ Kh6 35. g4 Nd7 36. Nxd7 Rxd7 37. Ke4 a5 38. d5 Re7+ 39. Kf4 Kg7 40. d6
cxd6 41. Rxd6 Ra7 42. Ke5 Kf7 43. Re6 a4 44. Kd6 Ra6+ 45. Ke5 0-1

[Event "5.liga SE-SI 2019/2020"]
[Site "?"]
[Date "2020.02.29"]
[Round "8.3"]
[White "Dubanova, Kristina"]
[Black "Novomesky, Roman"]
[Result "1-0"]
[WhiteElo "1115"]
[BlackElo "1402"]
[PlyCount "137"]
[EventDate "2019.10.19"]
[WhiteTeam "Å K Skalica D"]
[BlackTeam "Å K Å tefanov B"]

1. e4 e6 2. d4 d5 3. exd5 exd5 4. Nf3 Bg4 5. Bf4 Nf6 6. Nc3 Bb4 7. Qd3 Bxf3 8.
Qxf3 Nc6 9. O-O-O O-O 10. Bb5 Na5 11. a3 Bd6 12. Bg5 c6 13. Bd3 Be7 14. h4 h6
15. Be3 Nc4 16. Bf4 Qb6 17. Bxc4 dxc4 18. Rhe1 Rfe8 19. Be5 Rad8 20. g4 Nd5 21.
Nxd5 cxd5 22. Qg3 f6 23. Bc7 Bd6 24. Bxb6 Bxg3 25. Bxd8 Bf4+ 26. Kb1 Rxd8 27.
Re7 Rb8 28. Rd7 b5 29. Rxd5 b4 30. a4 b3 31. c3 Re8 32. Rf5 g5 33. Rxf6 Kg7 34.
Rf5 Re2 35. f3 Rh2 36. h5 Rf2 37. Re1 Bd6 38. Rd5 Bf8 39. Rd7+ Kf6 40. Rxa7
Rxf3 41. Rg1 Ke6 42. Rb7 Kd5 43. a5 Bd6 44. a6 Rf8 45. Rb5+ Kc6 46. Ra5 Kb6 47.
Ra4 Kb5 48. Ra1 Bb8 49. a7 Bxa7 50. Rxa7 Rf6 51. Re1 Rf4 52. Rg1 Kb6 53. Rh7
Rf6 54. Rd1 Kc6 55. Re7 Kd6 56. Ra7 Kd5 57. Re1 Rf8 58. Kc1 Rf4 59. Ra5+ Kd6
60. Ra6+ Kd7 61. Rg1 Rf2 62. d5 Rc2+ 63. Kb1 Rd2 64. d6 Kd8 65. Rf1 Kd7 66. Re1
Kd8 67. Rb6 Kc8 68. Re8+ Kd7 69. Re7+ 1-0